000 00383pab a2200157 454500
008 180718b1997 xxu||||| |||| 00| 0 eng d
100 _aJagmohan
245 _aCity management: a question of urban vision and will
260 _c1997
300 _ap.10
362 _a6 Jan
650 _aCity planning - India
650 _aUrban development
773 _aTribune
909 _a34352
999 _c34352
_d34352